Russian alphabet - Statistics

General Stats
  • This quiz has been taken 73 times
    58 since last reset
  • The average score is 19 of 33
Answer Stats
Russian English % Correct
А а a
100%
Б б b
97%
Д д d
85%
В в v
82%
Г г g
79%
И и i
70%
К к k
64%
М м m
64%
Н н n
64%
О о o
64%
У у oo
64%
С с s
64%
Т т t
64%
Ж ж zh
64%
Ф ф f
61%
П п p
61%
Й й y
61%
Е е ye
61%
З з z
61%
Л л l
58%
Р р r
58%
Ш ш sh
55%
Ё ё yo
55%
Я я ya
52%
Ч ч ch
48%
Э э e
45%
Х х kh
45%
Ц ц ts
42%
Ю ю yu
42%
Ы ы i
33%
Ъ ъ hard sign
21%
Ь ь soft sign
21%
Щ щ shsh
18%
No matching quizzes found
Score Distribution
Percent of People with Each Score
Percentile by Number Answered
Your Score History
You have not taken this quiz since the last reset